1904 1183 1866 1901 1952 1233 1754 1856 1533 1289 1163 1223 1760 1319 1270 1541 1304 1899 1168 1730 1964 1350 1576 1911 1582 1519 1122 1918 1455 1657 1557 1900 1922 1032 1597 1210 1725 1277 1766 1410 1387 1093 1672 1390 1248 1853 1245 1668 1551 1257 1462 1708 1028 1488 1172 1141 1827 1067 1246 1626 1505 1300 1231 1917 1668 1930 1642 1317 1622 1464 1702 1352 1841 1026 1877 1581 1130 1131 1849 1143 1222 1647 1709 1535 1769 1123 1604 1999 1895 1531 1678 1152 1994 1169 1331 1359 1384 1418 1970 BCNSPRNW ULIB Ver.6.0+V

เปลี่ยนเป็นภาษาไทย

Change to English
 แสดงรายละเอียดบรรณานุกรม
  กลับหน้าหลัก

Brief Record : Get Marc (ISO 2709) : E-mail record : QR code < ปิดหน้าต่าง
LEADER : 00000nam 2200000uu 4500
001    13399128416
003     ULIB
008    230815s2560||||th 000 0 tha d
020    ^a9786161818579
060 04 ^aWV258^bส753ร
100 0  ^aสุจิตรา ประสานสุข
245 10 ^aโรคน้ำในหูไม่เท่ากัน /^cสุจิตรา ประสานสุข
250    ^aพิมพ์ครั้งที่ 1
260    ^aกรุงเทพฯ :^bอัมรินทร์เฮลท์,^c2560.
300    ^a97 หน้า :^bภาพประกอบ ;^c21 ซม.
490 0  ^aชุดชีวิตและสุขภาพ ;^vลำดับที่ 78
650  4 ^aหู
650  4 ^aโรคน้ำในหูไม่เท่ากัน^xการรักษา
650  4 ^aโรคน้ำในหูไม่เท่ากัน^xการดูแลตนเอง
945    ^p160^l0^i010128
945    ^p160^l0^i010129
999    ^aประนอม เกษจรัล
รายการนี้ยังไม่มีแท็ก
คุณยังไม่ได้ล็อกอิน คุณสามารถมีกิจกรรมร่วมกับเว็บไซต์ได้ แต่ต้องล็อกอินก่อน ::
  ล็อกอิน

รายการสื่อสารสนเทศ

ลำดับที่ ประเภท เลขเรียก/บาร์โค้ด สถานที่ สถานะ
1. วิทยาศาสตร์การแพทย์ และสุขภาพ
หนังสือสำรอง
สถานะ=หนังสือสำรอง
WV258 ส753ร ฉ.1 
  Barcode: 010128
ห้องสมุดวิทยาเขตสวรรค์ประชารักษ์
►หนังสือทั่วไป
บนชั้น
2. วิทยาศาสตร์การแพทย์ และสุขภาพ
วิทยาศาสตร์การแพทย์ และสุขภาพ
WV258 ส753ร ฉ.2 
  Barcode: 010129
ห้องสมุดวิทยาเขตสวรรค์ประชารักษ์
►หนังสือทั่วไป
บนชั้น

รายการใกล้เคียง
    ผู้แต่ง [สุจิตรา ประสานสุข]

    หัวเรื่อง [หู]

BibComment


ยังไม่เคยถูกคอมเมนท์

คอมเมนท์ทรัพยากรรายการนี้
  คอมเมนท์: โรคน้ำในหูไม่เท่..


 Copyright 2026. Bcnsprnw @Library